Counties of Romania (1941-1944) on a Map - Statistics

General Stats
  • This quiz has been taken 35 times
  • The average score is 27 of 73
Answers on the Map
Answers color-coded by a green-red scale on the quiz's map according to % correct below.
 
Answer Stats
Counties % Correct
Timiş-Torontal
88%
Arad
82%
Iaşi
76%
Sibiu
76%
Braşov
71%
Constanţa
71%
Suceava
71%
Argeş
65%
Bacău
65%
Bihor
65%
Botoşani
65%
Caraş
65%
Neamţ
65%
Odessa
65%
Gorj
59%
Hunedoara
59%
Mehedinţi
59%
Severin
59%
Tiraspol
59%
Alba
53%
Bălţi
53%
Brăila
53%
Buzău
53%
Ilfov
53%
Tulcea
53%
Vaslui
53%
Cernăuţi
47%
Dolj
47%
Ialomiţa
47%
Olt
47%
Prahova
47%
Vâlcea
47%
Dâmboviţa
41%
Roman
41%
Teleorman
41%
Cetatea Albă
35%
Dorohoi
35%
Făgăraş
35%
Ismail
35%
Rădăuţi
35%
Tecuci
35%
Baia
24%
Balta
24%
Câmpulung
24%
Soroca
24%
Tighina
24%
Cahul
18%
Chilia
18%
Covurlui
18%
Hotin
18%
Orhei
18%
Putna
18%
Râmnicu
18%
Târnava Mare
18%
Târnava Mică
18%
Tutova
18%
Cluj-Turda
12%
Fălciu
12%
Muscel
12%
Romanaţi
12%
Vlaşca
12%
Ananiev
6%
Berezovca
6%
Dubăsari
6%
Golta
6%
Jugastru
6%
Lăpuşna
6%
Moghilău
6%
Oceacov
6%
Ovidiopol
6%
Râbniţa
6%
Storojineţ
6%
Tulcin
6%
No matching quizzes found
Score Distribution
Percent of People with Each Score
Percentile by Number Answered
Your Score History
You have not taken this quiz